000 00302nam a22001337a 4500
008 171013b xxu||||| |||| 00| 0 eng d
020 _a9781557866172
041 _aeng
080 _a316
100 _a50
101 _aSOC
245 _aTHE RISE OF THE NETWORK SOCIETY
_cCASTELLS, M
942 _2udc
_cBK
999 _c33606
_d33606